Normal view MARC view
  • Control system engineering

Entry Topical Term

Number of records used in: 1

001 - CONTROL NUMBER

  • control field: 99463

003 - CONTROL NUMBER IDENTIFIER

  • control field: NUST

005 - DATE AND TIME OF LATEST TRANSACTION

  • control field: 20221007112901.0

008 - FIXED-LENGTH DATA ELEMENTS

  • fixed length control field: 221007|| aca||aabn | a|a d

040 ## - CATALOGING SOURCE

  • Original cataloging agency: NUST
  • Transcribing agency: NUST

150 ## - HEADING--TOPICAL TERM

  • Topical term or geographic name entry element: Control system engineering
  • General subdivision: MATLAB

670 ## - SOURCE DATA FOUND

  • Source citation: Work cat.: (NUST)179189: Dukkipati, Rao V. 58012, Analysis and design of control systems using MATLAB /, 2009
© 2023 Central Library, National University of Sciences and Technology. All Rights Reserved.